| 000 | 00641nam a2200217Ia 4500 | ||
|---|---|---|---|
| 003 | OSt | ||
| 005 | 20220926044610.0 | ||
| 006 | a|||||r|||| 00| 0 | ||
| 007 | ta | ||
| 008 | 220923b |||||||| |||| 00| 0 eng d | ||
| 037 | _cGeneral Book | ||
| 040 |
_aRTL _cRTL _beng |
||
| 041 |
_2eng _aeng |
||
| 082 | _aX9(J):6p2,N52, J2/GD | ||
| 110 |
_aR B I, Agricultural Credit (Standing Advisory Committee on-) _9349213 |
||
| 245 | 0 | _aProceedings | |
| 260 | _c1952 | ||
| 700 |
_aR B I, Agricultural Credit (Standing Advisory Committee on-) _9349214 |
||
| 942 |
_hX9(J):6p2,N52, J2/GD _cGB _2CC |
||
| 999 |
_c675296 _d675296 |
||